00699nam a22002177a 4500003000400000005001700004008004100021040001000062082002100072100003100093245003700124250006200161260005000223300004600273500002400319500003800343500002000381500002400401650003700425700001900462OSt20150408114142.0131016s2013 xxu | 001 0 eng d aMU-UN04a005.133bSWA2231 aSavitch, Walter J.,d1943-10aAbsolute Java /cWalter Savitch. a5th ed., International ed. /b contributor, Kenrick Mock. aBoston, [Mass.] ;aLondon :b Pearson,c2013. a1271 p. :b ill. (chiefly col.) ;c24 cm. aPrevious ed.: 2010. a Internet access on inside cover. aIncludes index. aFormerly CIP. |5 Uk0 aJava (Computer program language)1 aMock, Kenrick.